MARC details
| 000 -LÍDER |
| campo de controle de tamanho fixo |
01174nam a22002897a 4500 |
| 001 - NÚMERO DE CONTROLE |
| campo de controle |
465 |
| 003 - IDENTIFICADOR DO NÚMERO DE CONTROLE |
| campo de controle |
BR-IBIA |
| 005 - DATA E HORÁRIO DA ÚLTIMA TRANSAÇÃO |
| campo de controle |
20250901085446.0 |
| 008 - CAMPO DE DADOS FIXOS--INFORMAÇÃO GERAL |
| campo de controle de tamanho fixo |
250901b |||||||| |||| 00| 0 eng d |
| 020 ## - ISBN - INTERNATIONAL STANDARD BOOK NUMBER |
| ISBN - International Standard Book Number |
8532905285 |
| 040 ## - FONTE DA CATALOGAÇÃO |
| Idioma da catalogação |
por |
| 041 ## - CÓDIGO DE IDIOMA |
| Código do idioma do original e/ou traduções intermediárias do texto |
por |
| 082 ## - CDD - CLASSIFICAÇÃO DECIMAL DE DEWEY |
| Número de Classificação |
028.5 |
| Número do exemplar |
A447m |
| 100 1# - ENTRADA PRINCIPAL--NOME PESSOAL |
| Nome pessoal |
Almeida, Hugo |
| 9 (RLIN) |
1000 |
| 245 ## - TÍTULO |
| Título |
Minha estréia no crime: |
| Restante do título |
Estação 111 / |
| Indicação de responsabilidade, etc. |
Almeida, Hugo ; Ilustrado por Virgilio Velozo |
| 260 ## - PUBLICAÇÃO, DISTRIBUIÇÃO, ETC. |
| Local de publicação, distribuição, etc. |
Belo Horizonte |
| Nome do editor, distribuidor, etc. |
Editora Lê |
| Data da publicação, distribuição, etc. |
1997 |
| 300 ## - DESCRIÇÃO FÍSICA |
| Extensão |
167p. |
| Outros detalhes físicos |
il. |
| 520 ## - NOTA DE RESUMO, ETC. |
| Resumo, etc. |
Houve uma grande rebelião de presos na Casa de Detenção do Carandiru, na cidade de São Paulo. A polícia invadiu o presídio para debelar a crise, e aconteceu uma chacina: 111 presos mortos. Iraí, artista tetraplégica, que pintava movendo os pincéis com a boca, retratou a cena, considerada um massacre. Tempos depois, policiais e ladrões tentaram destruir o quadro de Iraí.<br/><br/> |
| 650 #0 - ASSUNTO--TERMO TÓPICO |
| Cabeçalho tópico ou nome geográfico |
Literatura Brasileira |
| 9 (RLIN) |
205 |
| 650 #0 - ASSUNTO--TERMO TÓPICO |
| Cabeçalho tópico ou nome geográfico |
Infantojuvenil |
| 9 (RLIN) |
200 |
| 650 #0 - ASSUNTO--TERMO TÓPICO |
| Cabeçalho tópico ou nome geográfico |
Aventura |
| 9 (RLIN) |
47 |
| 655 #0 - TERMO DE ÍNDICE--GÊNERO E FORMA |
| Gênero/forma/ou termo foco |
Romance |
| 655 #0 - TERMO DE ÍNDICE--GÊNERO E FORMA |
| Gênero/forma/ou termo foco |
Ficção |
| 700 ## - ENTRADA ADICIONADA - NOME PESSOAL |
| Nome pessoal |
Virgílio Velozo |
| Função do autor por extenso |
Ilustrador |
| 9 (RLIN) |
1002 |
| 830 ## - ENTRADA SECUNDÁRIA DE SÉRIE--TÍTULO UNIFORME |
| Título uniforme |
O creme do crime |
| 9 (RLIN) |
1001 |
| 942 ## - ELEMENTOS DE ENTRADA ADICIONADOS (KOHA) |
| Fonte de classificação ou esquema de arquivamento |
Classificação decimal de Dewey |
| Tipo de material Koha |
Livros |
| Ocultar no OPAC |
Não |